MALAYALA CINEMA PINNITTA VAZHIKAL (MALAYALAM) (Record no. 134634)

MARC details
000 -LEADER
fixed length control field 00575nam a22002177a 4500
003 - CONTROL NUMBER IDENTIFIER
control field OSt
005 - DATE AND TIME OF LATEST TRANSACTION
control field 20220903062141.0
008 - FIXED-LENGTH DATA ELEMENTS--GENERAL INFORMATION
fixed length control field 220903b |||||||| |||| 00| 0 eng d
020 ## - INTERNATIONAL STANDARD BOOK NUMBER
International Standard Book Number 978-81-8267-728-9
040 ## - CATALOGING SOURCE
Transcribing agency SBCL
082 ## - DEWEY DECIMAL CLASSIFICATION NUMBER
Classification number 791.43
Item number JAY-M
100 ## - MAIN ENTRY--PERSONAL NAME
Personal name JAYARAJ,M
245 ## - TITLE STATEMENT
Title MALAYALA CINEMA PINNITTA VAZHIKAL (MALAYALAM)
250 ## - EDITION STATEMENT
Edition statement 2nd
260 ## - PUBLICATION, DISTRIBUTION, ETC.
Place of publication, distribution, etc. KOZHIKODE
Name of publisher, distributor, etc. MATHRUBHUMI BOOKS
Date of publication, distribution, etc. 2019
300 ## - PHYSICAL DESCRIPTION
Extent 608p.
500 ## - GENERAL NOTE
General note PD ACCOUNT
630 ## - SUBJECT ADDED ENTRY--UNIFORM TITLE
General subdivision GENRAL STACK
650 ## - SUBJECT ADDED ENTRY--TOPICAL TERM
Topical term or geographic name entry element PUBLIC PERFORMANCES
942 ## - ADDED ENTRY ELEMENTS (KOHA)
Koha item type BOOK
650 ## - SUBJECT ADDED ENTRY--TOPICAL TERM
Source of heading or term ARTS
Form subdivision MOTION PICTURES
General subdivision MALAYALAM CINEMA
Holdings
Withdrawn status Lost status Source of classification or shelving scheme Damaged status Not for loan Home library Current library Date acquired Cost, normal purchase price Total Checkouts Full call number Barcode Shelving location Date last seen Date last checked out Price effective from Koha item type
    Dewey Decimal Classification     SB LIBRARY SB LIBRARY 03/09/2022 600.00 4 791.43 JAY-M 141893 GENERAL STACK 04/02/2025 15/01/2025 03/09/2022 BOOK

Powered by Koha